Detalles MARC
| 000 -LEADER |
| fixed length control field |
03701nam a2200517Ii 4500 |
| 001 - CONTROL NUMBER |
| control field |
DIGARTEP0075 |
| 003 - CONTROL NUMBER IDENTIFIER |
| control field |
NyNyDIG |
| 008 - FIXED-LENGTH DATA ELEMENTS--GENERAL INFORMATION |
| fixed length control field |
150518t20002000txu o 000 j eng d |
| 006 - FIXED-LENGTH DATA ELEMENTS--ADDITIONAL MATERIAL CHARACTERISTICS |
| fixed length control field |
m o d |
| 007 - PHYSICAL DESCRIPTION FIXED FIELD--GENERAL INFORMATION |
| fixed length control field |
cr ||||||||||| |
| 040 ## - CATALOGING SOURCE |
| Original cataloging agency |
DGITA |
| Language of cataloging |
eng |
| Description conventions |
rda |
| -- |
pn |
| Transcribing agency |
DGITA |
| 020 ## - INTERNATIONAL STANDARD BOOK NUMBER |
| International Standard Book Number |
9781611927948 |
| Qualifying information |
(electronic bk.) |
| 020 ## - INTERNATIONAL STANDARD BOOK NUMBER |
| International Standard Book Number |
1611927943 |
| Qualifying information |
(electronic bk.) |
| 020 ## - INTERNATIONAL STANDARD BOOK NUMBER |
| Canceled/invalid ISBN |
1558853138 |
| Qualifying information |
(pbk. : alk. paper) |
| 020 ## - INTERNATIONAL STANDARD BOOK NUMBER |
| Canceled/invalid ISBN |
9781558853133 |
| Qualifying information |
(pbk. : alk. paper) |
| 035 ## - SYSTEM CONTROL NUMBER |
| System control number |
(OCoLC)663234602 |
| 043 ## - GEOGRAPHIC AREA CODE |
| Geographic area code |
n-us-tx |
| -- |
n-mx--- |
| 050 14 - LIBRARY OF CONGRESS CALL NUMBER |
| Classification number |
PS3563.I6947 eBook |
| 100 1# - MAIN ENTRY--PERSONAL NAME |
| Personal name |
Mireles, Jovita González, |
| Dates associated with a name |
1904-1983, |
| Relator term |
author. |
| 240 10 - UNIFORM TITLE |
| Uniform title |
Short stories. |
| Form subheading |
Selections |
| 245 14 - TITLE STATEMENT |
| Title |
The woman who lost her soul and other stories / |
| Statement of responsibility, etc. |
Jovita González ; edited, with an introduction, by Sergio Reyna. |
| 264 #1 - PRODUCTION, PUBLICATION, DISTRIBUTION, MANUFACTURE, AND COPYRIGHT NOTICE |
| Place of production, publication, distribution, manufacture |
Houston, Texas : |
| Name of producer, publisher, distributor, manufacturer |
Arte Público Press, |
| Date of production, publication, distribution, manufacture, or copyright notice |
[2000] |
| 264 #4 - PRODUCTION, PUBLICATION, DISTRIBUTION, MANUFACTURE, AND COPYRIGHT NOTICE |
| Date of production, publication, distribution, manufacture, or copyright notice |
©2000 |
| 300 ## - PHYSICAL DESCRIPTION |
| Extent |
1 online resource. |
| 336 ## - CONTENT TYPE |
| Content type term |
text |
| Content type code |
txt |
| Source |
rdacontent |
| 337 ## - MEDIA TYPE |
| Media type term |
computer |
| Media type code |
c |
| Source |
rdamedia |
| 338 ## - CARRIER TYPE |
| Carrier type term |
online resource |
| Carrier type code |
cr |
| Source |
rdacarrier |
| 490 1# - SERIES STATEMENT |
| Series statement |
Recovering the U.S. Hispanic literary heritage |
| 500 ## - GENERAL NOTE |
| General note |
"Recovering the U.S. Hispanic literary heritage"--Preliminary page. |
| 505 0# - FORMATTED CONTENTS NOTE |
| Formatted contents note |
The mocking bird -- The woodpecker -- The paisano -- The cicada -- The cardinal -- The mescal-drinking horse -- Tío patricio -- Juan, el loco -- Don José María -- Don Tomás -- Pedro the hunter -- The mail carrier -- The perennial lover -- Tío pancho malo -- The bullet-swallower -- The philosopher of the brush country -- Among my people : border folklore -- Among my people -- El cardo santo (the thistle) -- The Guadalupe vine -- The dove -- El cenzizo -- Shelling corn by moonlight -- Border folklore -- The gift of the pitahaya -- Ambrosio the Indian -- The first cactus blossom -- Shades of tenth muses -- Legends of ghosts and treasures -- The devil on the border -- Without a soul -- The woman who lost her soul -- Nana Chita. |
| 520 ## - SUMMARY, ETC. |
| Summary, etc. |
The writer Jovita Gonzalez was long a member and ultimately served as president of the Texas Folklore Society, which strove to preserve the oral traditions and customs of her native state. Many of the folklore-based stories in this volume were published by Gonzalez in periodicals such as the Southwest Review from the 1920s through the 1940s but have been gathered here for the first time.Sergio Reyna has brought together more than thirty narratives by Gonzalez and arranged them into Animal Tales (such as The Mescal-Drinking Horse); Tales of Humans (The Bullet-Swallower); Tales of Mexican Ancestors (Ambrosio the Indian); and Tales of Ghosts, Demons, and Buried Treasure (The Woman Who Lost Her Soul). Reyna also provides a helpful introduction that succinctly surveys the author's life and work and considers her writings within their historical and cultural contexts. |
| 588 0# - SOURCE OF DESCRIPTION NOTE |
| Source of description note |
Online resource; title from PDF title page (Digitalia, viewed May 18, 2015) |
| 650 #0 - SUBJECT ADDED ENTRY--TOPICAL TERM |
| Topical term or geographic name entry element |
Mexican Americans |
| Form subdivision |
Fiction. |
| 651 #0 - SUBJECT ADDED ENTRY--GEOGRAPHIC NAME |
| Geographic name |
Texas |
| General subdivision |
Social life and customs |
| Form subdivision |
Fiction. |
| 651 #0 - SUBJECT ADDED ENTRY--GEOGRAPHIC NAME |
| Geographic name |
Mexico |
| General subdivision |
Social life and customs |
| Form subdivision |
Fiction. |
| 650 #0 - SUBJECT ADDED ENTRY--TOPICAL TERM |
| Topical term or geographic name entry element |
Animals |
| Form subdivision |
Fiction. |
| 655 #0 - INDEX TERM--GENRE/FORM |
| Genre/form data or focus term |
Electronic books. |
| 700 1# - ADDED ENTRY--PERSONAL NAME |
| Personal name |
Reyna, Sergio, |
| Relator term |
editor. |
| 791 2# - |
| -- |
Digitalia (Firm), |
| -- |
distributor. |
| 793 0# - |
| -- |
Digitalia eBook Collection: |
| -- |
Anthropos |
| 776 08 - ADDITIONAL PHYSICAL FORM ENTRY |
| Relationship information |
Print version: |
| Main entry heading |
Mireles, Jovita González, 1904-1983. |
| Title |
Woman who lost her soul. |
| Place, publisher, and date of publication |
Houston, Tex. : Arte Público Press, ©2000 |
| International Standard Book Number |
1558853138 |
| Record control number |
(DLC)00056605 |
| -- |
(OCoLC)44518010 |
| 830 #0 - SERIES ADDED ENTRY--UNIFORM TITLE |
| Uniform title |
Recovering the U.S. Hispanic Literary Heritage Project publication. |
| 856 40 - ELECTRONIC LOCATION AND ACCESS |
| Materials specified |
Digitalia Hispánica |
| Uniform Resource Identifier |
<a href="https://www.digitaliapublishing.com/a/23276/">https://www.digitaliapublishing.com/a/23276/</a> |
| 910 ## - USER-OPTION DATA (OCLC) |
| User-option data |
Premium Collection: 2015 |
| 942 ## - ADDED ENTRY ELEMENTS (KOHA) |
| Koha item type |
Recurso Electrónico |